Komuniti perbukuan : meningkatkan kualiti pengurusan panitia mengikut pendekatan Stephen Covey

Bibliographic Details
Main Author: Prasad Ridwan
Other Authors: Reading interests
Format: Book
Published: Kuala Lumpur : Literasi Resources , 2019
Subjects:

MARC

LEADER 00000cam a2200000 7i4500
001 0000090530
005 20230125100905.0
008 221129
020 |a 9789671481165 
041 |a Malay 
090 0 0 |a 070.509595   |b PRA 
100 0 |a Prasad Ridwan 
245 0 0 |a Komuniti perbukuan :   |b meningkatkan kualiti pengurusan panitia mengikut pendekatan Stephen Covey   |c Prasad Ridwan 
260 |a Kuala Lumpur :   |b Literasi Resources ,   |c 2019 
300 |a 36 p. :   |b ill., col. ;   |c 21.5 cm. 
541 |c Purchased on 2022   |f I-001022 AJM   |h RM20.00 
650 0 |a Book industries and trade   |z Malaysia 
650 0 |a Reading interests   |z Malaysia 
700 0 |a Reading interests   |x Malaysia 
999 |a 0001699167   |b Book   |c Adult Collection   |e Perbadanan Perpustakaan Awam Johor 
999 |a 0001699191   |b Book   |c Adult Collection   |e Perbadanan Perpustakaan Awam Johor 
999 |a 0001699646   |b Book   |c Adult Collection   |e Desa - PPAJ 
999 |a 0001699647   |b Book   |c Adult Collection   |e Desa - PPAJ 
999 |a 0001699648   |b Book   |c Adult Collection   |e Desa - PPAJ 
999 |a 0001699649   |b Book   |c Adult Collection   |e Desa - PPAJ 
999 |a 0001699650   |b Book   |c Adult Collection   |e Desa - PPAJ 
999 |a 0001699651   |b Book   |c Adult Collection   |e Desa - PPAJ 
999 |a 0001699652   |b Book   |c Adult Collection   |e Desa - PPAJ 
999 |a 0001699653   |b Book   |c Adult Collection   |e Desa - PPAJ 
999 |a 0001699654   |b Book   |c Adult Collection   |e Desa - PPAJ 
999 |a 0001699658   |b Book   |c Adult Collection   |e Desa - PPAJ 
999 |a 0001699659   |b Book   |c Adult Collection   |e Desa - PPAJ 
999 |a 0001699660   |b Book   |c Adult Collection   |e Desa - PPAJ 
999 |a 0001699661   |b Book   |c Adult Collection   |e Desa - PPAJ 
999 |a 0001699662   |b Book   |c Adult Collection   |e Desa - PPAJ 
999 |a 0001699663   |b Book   |c Adult Collection   |e Desa - PPAJ 
999 |a 0001699664   |b Book   |c Adult Collection   |e Desa - PPAJ 
999 |a 0001699665   |b Book   |c Adult Collection   |e Desa - PPAJ 
999 |a 0001699666   |b Book   |c Adult Collection   |e Desa - PPAJ 
999 |a 0001699667   |b Book   |c Adult Collection   |e Desa - PPAJ 
999 |a 0001699668   |b Book   |c Adult Collection   |e Desa - PPAJ 
999 |a 0001699669   |b Book   |c Adult Collection   |e Desa - PPAJ 
999 |a 0001699670   |b Book   |c Adult Collection   |e Desa - PPAJ 
999 |a 0001699671   |b Book   |c Adult Collection   |e Desa - PPAJ 
999 |a 0001699672   |b Book   |c Adult Collection   |e Desa - PPAJ 
999 |a 0001699673   |b Book   |c Adult Collection   |e Desa - PPAJ 
999 |a 0001699674   |b Book   |c Adult Collection   |e Desa - PPAJ 
999 |a 0001699675   |b Book   |c Adult Collection   |e Desa - PPAJ 
999 |a 0001699676   |b Book   |c Adult Collection   |e Desa - PPAJ 
999 |a 0001699677   |b Book   |c Adult Collection   |e Desa - PPAJ 
999 |a 0001699678   |b Book   |c Adult Collection   |e Desa - PPAJ 
999 |a 0001699679   |b Book   |c Adult Collection   |e Desa - PPAJ 
999 |a 0001699680   |b Book   |c Adult Collection   |e Desa - PPAJ 
999 |a 0001699681   |b Book   |c Adult Collection   |e Desa - PPAJ 
999 |a 0001699682   |b Book   |c Adult Collection   |e Desa - PPAJ 
999 |a 0001699683   |b Book   |c Adult Collection   |e Desa - PPAJ 
999 |a 0001699684   |b Book   |c Adult Collection   |e Desa - PPAJ 
999 |a 0001699685   |b Book   |c Adult Collection   |e Desa - PPAJ 
999 |a 0001699686   |b Book   |c Adult Collection   |e Desa - PPAJ 
999 |a 0001699687   |b Book   |c Adult Collection   |e Desa - PPAJ 
999 |a 0001699688   |b Book   |c Adult Collection   |e Desa - PPAJ 
999 |a 0001699689   |b Book   |c Adult Collection   |e Desa - PPAJ 
999 |a 0001699783   |b Book   |c Adult Collection   |e Cawangan AEON Kulaijaya 
999 |a 0001699784   |b Book   |c Adult Collection   |e Cawangan Urban Transformation Centre 
999 |a 0001699785   |b Book   |c Adult Collection   |e Cawangan Segamat 
999 |a 0001699786   |b Book   |c Adult Collection   |e Cawangan Tmn. Ungku Tun Aminah 
999 |a 0001699787   |b Book   |c Adult Collection   |e Cawangan Pontian 
999 |a 0001699788   |b Book   |c Adult Collection   |e Cawangan Bukit Gambir 
999 |a 0001699789   |b Book   |c Adult Collection   |e Cawangan Mersing 
999 |a 0001699790   |b Book   |c Adult Collection   |e Cawangan Taman Sri Lambak 
999 |a 0001699791   |b Book   |c Adult Collection   |e Cawangan Batu Pahat 
999 |a 0001699792   |b Book   |c Adult Collection   |e Perbadanan Perpustakaan Awam Johor 
999 |a 0001699793   |b Book   |c Adult Collection   |e Cawangan Bandar Penawar 
999 |a 0001699794   |b Book   |c Adult Collection   |e Cawangan Bandar Tenggara 
999 |a 0001699795   |b Book   |c Adult Collection   |e Cawangan Tangkak 
999 |a 0001699796   |b Book   |c Adult Collection   |e Cawangan Kota Tinggi 
999 |a 0001699797   |b Book   |c Adult Collection   |e Cawangan Muar